| 000 | 01763cam a2200373 ib4500 | ||
|---|---|---|---|
| 999 |
_c4660 _d4660 |
||
| 001 | 767206 | ||
| 003 | INLPI | ||
| 005 | 20250307085251.0 | ||
| 008 | 171205t20182016nyua d 000 f eng d | ||
| 020 | _a9781406358063 | ||
| 040 |
_aTOH _beng _cNLPI _dNLPI _dKH8 _erda |
||
| 042 | _anbic | ||
| 082 | _aFIC JAM | ||
| 100 | 1 |
_aJames, Lauren, _eauthor. |
|
| 245 | 1 | 4 |
_aThe last beginning / _cLauren James. |
| 264 | 1 |
_aNew York, New York : _bSky Pony Press, _c2018. |
|
| 264 | 4 | _c©2016. | |
| 300 |
_a305 pages : _billustrations ; _c22 cm. |
||
| 336 |
_atext _btxt _2rdacontent. |
||
| 337 |
_aunmediated _bn _2rdamedia. |
||
| 338 |
_avolume _bnc _2rdacarrier. |
||
| 490 | 1 |
_aThe next together ; _v2. |
|
| 500 | _aFirst published in the United Kingdom by Walker Books. Ltd., 2016. | ||
| 520 | 8 |
_a"Sixteen years ago, after a scandal that rocked the world, teenagers Katherine and Matthew vanished without a trace. Now Clove Sutcliffe is determined to find her long lost relatives. But where do you start looking for a couple who seem to have been reincarnated at every key moment in history? Who were Kate and Matt? Why were they born again and again? And who is the mysterious Ella, who keeps appearing at every turn in Clove's investigation? For Clove, there is a mystery to solve in the past and a love to find in the future, and failure could cost the world everything."-- _cPublisher's description. |
|
| 521 | 8 | _aAges 14 up. | |
| 650 | 0 |
_aReincarnation _vJuvenile fiction. |
|
| 650 | 0 |
_aTime travel _vJuvenile fiction. |
|
| 650 | 1 |
_aReincarnation _vFiction. |
|
| 650 | 1 |
_aTime travel _vFiction. |
|
| 651 | 0 |
_aGreat Britain _xHistory _vJuvenile fiction. |
|
| 651 | 1 |
_aGreat Britain _xHistory _vFiction. |
|
| 830 | 4 |
_aThe next together ; _v2. |
|
| 942 |
_2ddc _cFIC |
||